Personaggi di Cars per immagini - Statistics

Statistiche generali
  • Questo quiz è stato fatto 79 volte
  • Il punteggio medio è 12 su 16
Statistiche sulle risposte
con Immagini Risposta % Corretto
Saetta McQueen
100%
Sally Carrera
96%
Doc Hudson
95%
Cricchetto
89%
Red
81%
Sceriffo
81%
Fred
78%
Chick Hicks
75%
Stanley
74%
Strip Weathers
73%
Fillmore
67%
Tex Dinoco
64%
D.J.
56%
Frank
56%
Wingo
52%
Al Oft
37%
Nessun quiz corrispondente trovato
Distribuzione punteggi
Percentuale di utenti per punteggio
Percentile per numero di risposta
I tuoi punteggi nel tempo
Non hai fatto questo quiz